000 00484nam a2200193Ia 4500
005 20240823062652.0
008 240823s9999||||xx |||||||||||||| ||und||
041 _aENGLISH
082 _A621.3 N6
100 _aPrem Kumar N
245 0 _a"Basic Electrical, Electronics and Computer Engineering"
250 _a3rd
260 _c1996
_b"Anuradha,Kumbakonam"
500 _aYES
650 _aElectrical
_bElectrical
700 _a Ramanathan P M
942 _cBK
999 _c236430
_d236430